Alternatívne spôsoby hodnotenia finančných výkazov podniku

Spôsoby hodnotenia finančnej výkonnosti podnikov sú rôzne a prístupy sú pomerne rôznorodé. Problémom pri hodnotení finančnej výkonnosti podniku je výber ukazovateľov finančného zdravia ale aj spôsob ich konečnej súhrnnej interpretácie. Preto vznikajú alternatívne prístupy bankrotových a bonitných mo...

Ausführliche Beschreibung

Gespeichert in:
Bibliographische Detailangaben
1. Verfasser: Lacko, Roman, 1988-
Weitere Verfasser: Kmeťová, Oľga, 1959-, Gubacký, Marián
Format: Buchkapitel
Sprache:Slowakisch
Schlagworte:
Tags: Tag hinzufügen
Keine Tags, Fügen Sie das erste Tag hinzu!

MARC

LEADER 00000nla a2200000 4500
001 0221307
005 20240502073633.6
041 0 |a slo 
044 |a SK 
245 1 0 |a Alternatívne spôsoby hodnotenia finančných výkazov podniku  |c Roman Lacko, Oľga Kmeťová, Marián Gubacký 
520 |a Spôsoby hodnotenia finančnej výkonnosti podnikov sú rôzne a prístupy sú pomerne rôznorodé. Problémom pri hodnotení finančnej výkonnosti podniku je výber ukazovateľov finančného zdravia ale aj spôsob ich konečnej súhrnnej interpretácie. Preto vznikajú alternatívne prístupy bankrotových a bonitných modelov ale aj iných pomerne často používaných metód hodnotenia finančných výkazov podniku. Model DEA pre analýzu efektívnosti. 
610 2 0 |a podnik 
610 2 0 |a financie podnikové 
610 2 0 |a výkonnosť 
610 2 0 |a výkazy finančné 
610 2 0 |a analýza obaľovania dát 
100 1 |a Lacko, Roman, 1988- 
700 1 |a Kmeťová, Oľga, 1959- 
700 1 |a Gubacký, Marián